000 00531nam a2200181Ia 4500
005 20250508154715.0
008 008 250505s9999 xx 000 0 eng d
037 _aBooks to be hide in OPAC
040 _aFEDL
_beng
_cFEDL
041 _aeng
_2eng
084 _a370.154 4, BIG/O
_qFEDL
100 _aBigge Morris L
245 0 _aLearning theories for teachers
260 _aNew York, USA
_bHarper and Brothers Publishers
300 _axiv,366p.
942 _cHB
_h370.154 4, BIG/O
999 _c1351695
_d1351695